MLB League Leaders 2024 - Statistics

General Stats
  • This quiz has been taken 63 times
  • The average score is 93 of 110
Answer Stats
Hint Stat Team Answer % Correct
1 fWAR Yankees Aaron Judge (11.2)
97%
1 OPS Yankees Aaron Judge (1.157)
97%
8 H Yankees Aaron Judge (180)
97%
1 wRC+ Yankees Aaron Judge (218)
97%
3 AVG Yankees Aaron Judge (.322)
97%
1 OBP Yankees Aaron Judge (.458)
97%
1 HR Yankees Aaron Judge (58)
97%
1 SLG Yankees Aaron Judge (.701)
97%
7 PA Yankees Aaron Judge (704)
97%
10 2B Mets Francisco Lindor (39)
97%
6 fWAR Mets Francisco Lindor (7.8)
97%
8 wRC+ Orioles Gunnar Henderson (155)
97%
9 H Orioles Gunnar Henderson (177)
97%
9 HR Orioles Gunnar Henderson (37)
97%
3 PA Orioles Gunnar Henderson (719)
97%
5 fWAR Orioles Gunnar Henderson (8.0)
97%
9 fWAR Reds Elly De La Cruz (6.4)
95%
1 SB Reds Elly de la Cruz (67)
95%
9 PA Reds Elly De La Cruz (696)
95%
3 wRC+ Yankees Juan Soto (180)
95%
4 HR Yankees Juan Soto (41)
95%
2 OBP Yankees Juan Soto (.419)
95%
4 SLG Yankees Juan Soto (.569)
95%
5 PA Yankees Juan Soto (713)
95%
4 fWAR Yankees Juan Soto (8.1)
95%
3 OPS Yankees Juan Soto (.989)
95%
2 OPS Dodgers Shohei Ohtani (1.036)
95%
2 wRC+ Dodgers Shohei Ohtani (181)
95%
4 H Dodgers Shohei Ohtani (197)
95%
5 AVG Dodgers Shohei Ohtani (.308)
95%
5 OBP Dodgers Shohei Ohtani (.390)
95%
2 HR Dodgers Shohei Ohtani (54)
95%
2 SB Dodgers Shohei Ohtani (59)
95%
2 SLG Dodgers Shohei Ohtani (.646)
95%
2 PA Dodgers Shohei Ohtani (731)
95%
3 fWAR Dodgers Shohei Ohtani (9.1)
95%
10 OBP Phillies Bryce Harper (.373)
92%
7 2B Phillies Bryce Harper (42)
92%
10 OPS Phillies Bryce Harper (.898)
92%
7 wRC+ Athletics Brent Rooker (164)
89%
6 HR Athletics Brent Rooker (39)
89%
6 SLG Athletics Brent Rooker (.562)
89%
8 OPS Athletics Brent Rooker (.927)
89%
6 H Astros Jose Altuve (185)
89%
10 AVG Astros Jose Altuve (.295)
89%
8 2B Guardians Jose Ramirez (39)
89%
7 HR Guardians Jose Ramirez (39)
89%
5 SB Guardians Jose Ramirez (41)
89%
10 SLG Guardians Jose Ramirez (.537)
89%
8 fWAR Guardians Jose Ramirez (6.5)
89%
2 H Marlins & Padres Luis Arraez (200)
89%
4 AVG Marlins & Padres Luis Arraez (.314)
89%
10 PA Mets Pete Alonso (695)
89%
2 fWAR Royals Bobby Witt Jr (10.4)
86%
5 wRC+ Royals Bobby Witt Jr (168)
86%
1 H Royals Bobby Witt Jr (211)
86%
1 AVG Royals Bobby Witt Jr (.332)
86%
6 OBP Royals Bobby Witt Jr (.389)
86%
3 2B Royals Bobby Witt Jr (45)
86%
3 SLG Royals Bobby Witt Jr (.588)
86%
6 PA Royals Bobby Witt Jr (709)
86%
4 OPS Royals Bobby Witt Jr (.977)
86%
5 H Red Sox Jarren Duran (191)
86%
9 SB Red Sox Jarren Duran (34)
86%
1 2B Red Sox Jarren Duran (48)
86%
7 fWAR Red Sox Jarren Duran (6.7)
86%
1 PA Red Sox Jarren Duran (735)
86%
4 PA Rangers Marcus Semien (718)
86%
9 OBP Dodgers Freddie Freeman (.378)
84%
8 HR Phillies Kyle Schwarber (38)
84%
4 wRC+ Astros Yordan Alvarez (168)
84%
6 AVG Astros Yordan Alvarez (.308)
84%
4 OBP Astros Yordan Alvarez (.392)
84%
5 SLG Astros Yordan Alvarez (.567)
84%
5 OPS Astros Yordan Alvarez (.959)
84%
4 2B Phillies Alec Bohm (44)
78%
8 SB Diamondbacks Corbin Carroll (35)
78%
10 wRC+ Diamondbacks Ketel Marte (151)
78%
10 HR Diamondbacks Ketel Marte (36)
78%
7 SLG Diamondbacks Ketel Marte (.560)
78%
10 fWAR Diamondbacks Ketel Marte (6.3)
78%
7 OPS Diamondbacks Ketel Marte (.932)
78%
9 wRC+ Braves Marcell Ozuna (154)
78%
7 H Braves Marcell Ozuna (183)
78%
7 AVG Braves Marcell Ozuna (.302)
78%
8 OBP Braves Marcell Ozuna (.379)
78%
5 HR Braves Marcell Ozuna (39)
78%
8 SLG Braves Marcell Ozuna (.546)
78%
9 OPS Braves Marcell Ozuna (.925)
78%
6 wRC+ Blue Jays Vladimir Guerrero Jr (165)
78%
3 H Blue Jays Vladimir Guerrero Jr (199)
78%
2 AVG Blue Jays Vladimir Guerrero Jr (.323)
78%
3 OBP Blue Jays Vladimir Guerrero Jr (.396)
78%
5 2B Blue Jays Vladimir Guerrero Jr (44)
78%
9 SLG Blue Jays Vladimir Guerrero Jr (.544)
78%
8 PA Blue Jays Vladimir Guerrero Jr (697)
78%
6 OPS Blue Jays Vladimir Guerrero Jr (.940)
78%
3 HR Orioles Anthony Santander (44)
76%
9 AVG Phillies Trea Turner (.295)
73%
9 2B Giants Matt Chapman (39)
68%
10 H Rockies Ezequiel Tovar (176)
65%
2 2B Rockies Ezequiel Tovar (45)
65%
6 SB Marlins & Yankees Jazz Chisholm (40)
65%
7 SB Royals Maikel Garcia (37)
51%
3 SB Brewers Brice Turang (50)
49%
7 OBP Padres Jurickson Profar (.380)
43%
8 AVG Astros Yainer Diaz (.299)
43%
10 SB Nationals & Mariners Victor Robles
41%
6 2B Athletics JJ Bleday (43)
27%
4 SB Rays Jose Caballero (47)
22%
No matching quizzes found
Score Distribution
Percent of People with Each Score
Percentile by Number Answered
Your Score History
You have not taken this quiz